| 000 | 00380nam a2200145Ia 4500 | ||
|---|---|---|---|
| 008 | 150201s2011 xx 000 0 und d | ||
| 082 |
_a670.285 _bRAO |
||
| 100 | _aRao,P.N | ||
| 245 | _aComputer aided manufacturing | ||
| 260 |
_bTata McGraw Hill Education Private Limited _aNew Delhi _c2011 |
||
| 300 | _a417p. | ||
| 700 | _aKundra,T.K | ||
| 700 | _aTewari,N.K | ||
| 942 |
_2ddc _cBK |
||
| 999 |
_c5528 _d5528 |
||